| 000 | 00564nam a2200133Ia 4500 | ||
|---|---|---|---|
| 008 | 160809s9999 xx 000 0 und d | ||
| 100 | _aSchutz, Larry E. | ||
| 245 | _aTRAUMATIC BRAIN INJURY IN K-12 STUDENTS II:RESPONSE TO INSTRUCTION--WHEN WILL THEY EVER LEARN? | ||
| 245 | _cLarry E. Schutz, Elizabeth A. McNamara Casa Colina Rehabilitation Hospita, GiveBack, Inc. of Los Angeles. | ||
| 260 | _bInternational Journal of Special Education | ||
| 260 | _c2011 | ||
| 650 | _xSPECIAL EDUCATION | ||
| 856 | _uhttp://www.internationaljournalofspecialed.com/issues.php | ||
| 999 |
_c300463 _d300463 |
||